[Event "Deviant Leisure inv"]
[Site "Vancouver CAN"]
[Date "2003.02.22"]
[Round "2"]
[White "Ruelland, Geoffrey"]
[Black "Chan, James"]
[Result "0-1"]
[WhiteElo "1748"]
[BlackElo "1991"]
[PlyCount "52"]
[EventDate "2003.02.22"]
[EventType "tourn"]
[EventRounds "5"]
[EventCountry "CAN"]

1. e4 e6 2. d4 d5 3. exd5 exd5 4. c4 Nf6 5. Nc3 Bb4 6. Bd3 O-O 7. Nge2 c5 8.
O-O Nc6 9. cxd5 Nxd4 10. Bg5 h6 11. Bh4 g5 12. Bg3 Nxd5 13. Nxd5 Qxd5 14. Nc3
Qc6 15. Be4 Qa6 16. Nd5 Ne2+ 17. Kh1 Bg4 18. Qb3 Qe6 19. h3 Bxh3 20. gxh3 Qxe4+
21. Kh2 Kg7 22. Nxb4 Qxb4 23. Be5+ f6 24. Qe6 Nf4 25. Qe7+ Rf7 26. Bxf6+ Kg6
0-1

[Event "Deviant Leisure inv"]
[Site "Vancouver CAN"]
[Date "2003.02.22"]
[Round "2"]
[White "Sladek, Vaclav"]
[Black "Jung, William"]
[Result "1/2-1/2"]
[WhiteElo "2070"]
[BlackElo "1788"]
[PlyCount "45"]
[EventDate "2003.02.22"]
[EventType "tourn"]
[EventRounds "5"]
[EventCountry "CAN"]

1. d4 d5 2. c4 e6 3. Nc3 Nf6 4. Bg5 Be7 5. Nf3 O-O 6. e3 c6 7. Be2 Nbd7 8. O-O
h6 9. Bh4 g5 10. Bg3 Nh5 11. cxd5 Nxg3 12. hxg3 cxd5 13. Ne1 f5 14. f4 Nf6 15.
Nd3 g4 16. Ne5 h5 17. Ng6 Rf7 18. Kf2 Rh7 19. Rh1 Kg7 20. Nxe7 Qxe7 21. Rh4 Bd7
22. Qb3 Rb8 23. Bd3 1/2-1/2

[Event "Deviant Leisure inv"]
[Site "Vancouver CAN"]
[Date "2003.02.22"]
[Round "3"]
[White "Chan, James"]
[Black "Sladek, Vaclav"]
[Result "1/2-1/2"]
[WhiteElo "1991"]
[BlackElo "2070"]
[PlyCount "60"]
[EventDate "2003.02.22"]
[EventType "tourn"]
[EventRounds "5"]
[EventCountry "CAN"]

1. d4 Nf6 2. c4 e6 3. Nf3 b6 4. a3 Bb7 5. Nc3 d5 6. cxd5 Nxd5 7. Qc2 Nxc3 8.
bxc3 Be7 9. e4 O-O 10. Bd3 c5 11. O-O Nd7 12. Rd1 Qc7 13. Qe2 Rae8 14. Ng5 Bxg5
15. Bxg5 f5 16. f3 Kh8 17. e5 Nb8 18. Be3 cxd4 19. cxd4 Rc8 20. Rac1 Qd7 21.
Bc4 Bd5 22. Bb5 Qb7 23. Bd2 Rxc1 24. Rxc1 Rc8 25. Qe1 Kg8 26. Bb4 Rxc1 27. Qxc1
a6 28. Bd3 h6 29. Bd6 Nc6 30. Qc3 Kf7 1/2-1/2

[Event "Deviant Leisure inv"]
[Site "Vancouver CAN"]
[Date "2003.02.22"]
[Round "3"]
[White "Jung, William"]
[Black "Kosinski, George"]
[Result "1/2-1/2"]
[WhiteElo "1788"]
[BlackElo "2011"]
[PlyCount "83"]
[EventDate "2003.02.22"]
[EventType "tourn"]
[EventRounds "5"]
[EventCountry "CAN"]

1. e4 c5 2. Nf3 e6 3. c3 d5 4. exd5 exd5 5. d4 Nc6 6. Bb5 a6 7. Bxc6+ bxc6 8.
O-O c4 9. Re1+ Be7 10. Ne5 Be6 11. Nxc6 Qd6 12. Nxe7 Nxe7 13. Nd2 O-O 14. Nf3
Ng6 15. b4 Bf5 16. Ne5 f6 17. Nxg6 Bxg6 18. a4 Qd7 19. Bf4 Bd3 20. Qd2 Rfe8 21.
a5 Qf5 22. Bd6 Re6 23. Qf4 Qxf4 24. Bxf4 Kf7 25. Rxe6 Kxe6 26. f3 Kd7 27. Kf2
Kc6 28. Re1 Kb5 29. h4 Ka4 30. Re7 Kb3 31. Bd2 Kc2 32. Be1 Kd1 33. g4 Bg6 34.
Kg3 Re8 35. Rxe8 Bxe8 36. Kf2 g5 37. h5 h6 38. Kf1 Bd7 39. Bg3 Kc2 40. Be1 Kb3
41. Bd2 Ka4 42. Ke2 1/2-1/2

[Event "Deviant Leisure inv"]
[Site "Vancouver CAN"]
[Date "2003.02.22"]
[Round "3"]
[White "Seid, Hee"]
[Black "Ruelland, Geoffrey"]
[Result "1/2-1/2"]
[WhiteElo "2070"]
[BlackElo "1746"]
[PlyCount "45"]
[EventDate "2003.02.22"]
[EventType "tourn"]
[EventRounds "5"]
[EventCountry "CAN"]

1. d4 d5 2. Nf3 Nf6 3. c4 c6 4. Nc3 dxc4 5. a4 Bf5 6. Ne5 e6 7. e3 Bb4 8. Bxc4
Nbd7 9. Nxd7 Qxd7 10. O-O O-O 11. Bd2 Bg6 12. Qe2 Rfe8 13. Rfd1 Rad8 14. Ne4
Be7 15. Nc5 Bxc5 16. dxc5 Bd3 17. Bxd3 Qxd3 18. Qe1 Qf5 19. Bb4 Ne4 20. Rac1
Rxd1 21. Rxd1 Nxc5 22. Bxc5 Qxc5 23. Rd7 1/2-1/2

[Event "Deviant Leisure inv"]
[Site "Vancouver CAN"]
[Date "2003.02.23"]
[Round "4"]
[White "Chan, James"]
[Black "Seid, Hee"]
[Result "1/2-1/2"]
[WhiteElo "1991"]
[BlackElo "2075"]
[PlyCount "92"]
[EventDate "2003.02.22"]
[EventType "tourn"]
[EventRounds "5"]
[EventCountry "CAN"]

1. d4 g6 2. e4 d6 3. Nc3 Bg7 4. Be3 c6 5. a4 a5 6. Qd2 Qc7 7. h3 Na6 8. Nf3 Nf6
9. Be2 O-O 10. O-O Nb4 11. Rfd1 e5 12. dxe5 dxe5 13. Bc4 Nd7 14. Ne2 Nb6 15.
Bb3 c5 16. c3 Na6 17. Qd6 Qxd6 18. Rxd6 Nd7 19. Rad1 Nab8 20. Bc4 b6 21. Bg5
Re8 22. Ng3 Bf8 23. R6d2 Kg7 24. Nh2 f6 25. Be3 h5 26. h4 Be7 27. f3 Ra7 28.
Bf2 Nf8 29. Nhf1 Bd7 30. b3 Be6 31. Ne3 Bxc4 32. Nxc4 Rb7 33. Na3 Ne6 34. Nf1
Rd8 35. Ne3 Rxd2 36. Rxd2 Rd7 37. Nd5 Na6 38. Nc4 Bd8 39. g3 Rb7 40. Nd6 Rb8
41. Nb5 Rb7 42. Kf1 Nb8 43. Nd6 Rd7 44. Nc4 Rb7 45. Na3 Nc6 46. Ke2 Ne7 1/2-1/2

[Event "Deviant Leisure inv"]
[Site "Vancouver CAN"]
[Date "2003.02.23"]
[Round "4"]
[White "Ruelland, Geoffrey"]
[Black "Jung, William"]
[Result "1-0"]
[WhiteElo "1746"]
[BlackElo "1788"]
[PlyCount "61"]
[EventDate "2003.02.22"]
[EventType "tourn"]
[EventRounds "5"]
[EventCountry "CAN"]

1. e4 e5 2. Nf3 Nc6 3. Bb5 d6 4. d4 exd4 5. Nxd4 Nge7 6. Nc3 Bd7 7. Be3 Nxd4 8.
Bxd7+ Qxd7 9. Qxd4 Nc6 10. Qd2 Be7 11. f4 O-O-O 12. O-O-O f6 13. Nd5 b6 14. Qc3
Kb7 15. Rhe1 Rhe8 16. Bf2 Bf8 17. Bg3 Ne7 18. Nb4 a5 19. Nd5 Qc6 20. Qf3 Nxd5
21. Rxd5 Re6 22. Red1 Rde8 23. e5 fxe5 24. fxe5 dxe5 25. Qe4 g6 26. R1d3 Bh6+
27. Kb1 R8e7 28. Rc3 Qxd5 29. Qxd5+ c6 30. Qe4 Rd7 31. Rd3 1-0

[Event "Deviant Leisure inv"]
[Site "Vancouver CAN"]
[Date "2003.02.23"]
[Round "4"]
[White "Sladek, Vaclav"]
[Black "Kosinski, George"]
[Result "1/2-1/2"]
[WhiteElo "2070"]
[BlackElo "2011"]
[PlyCount "70"]
[EventDate "2003.02.22"]
[EventType "tourn"]
[EventRounds "5"]
[EventCountry "CAN"]

1. d4 d6 2. Nf3 g6 3. c4 Nf6 4. Nc3 Bg7 5. e4 O-O 6. h3 c5 7. d5 b5 8. cxb5 a6
9. b6 Qxb6 10. Be2 Ne8 11. O-O Nc7 12. Nd2 Nb5 13. Qb3 Nd7 14. Nxb5 axb5 15.
Bxb5 Ne5 16. a4 Ba6 17. Ra3 Rfb8 18. Nb1 c4 19. Qb4 Nd3 20. Qxc4 Nxc1 21. Qxc1
Bxb5 22. axb5 Qxb5 23. Nc3 Qc4 24. Rxa8 Rxa8 25. Qc2 Bf6 26. Rc1 Rb8 27. Ra1
Bd4 28. Ra4 Qc5 29. Ra2 Rc8 30. Ra3 Kg7 31. Qd2 Rc7 32. g3 h5 33. h4 Ra7 34.
Rxa7 Qxa7 35. Kg2 Qb6 1/2-1/2

[Event "Deviant Leisure inv"]
[Site "Vancouver CAN"]
[Date "2003.02.23"]
[Round "5"]
[White "Jung, William"]
[Black "Chan, James"]
[Result "1-0"]
[WhiteElo "1788"]
[BlackElo "1991"]
[PlyCount "105"]
[EventDate "2003.02.22"]
[EventType "tourn"]
[EventRounds "5"]
[EventCountry "CAN"]

1. e4 e6 2. d4 d5 3. exd5 exd5 4. Nf3 Bg4 5. Bb5+ c6 6. Bd3 Bd6 7. h3 Bh5 8.
O-O Ne7 9. Re1 Nd7 10. c3 Qc7 11. Be3 O-O-O 12. c4 dxc4 13. Bxc4 Nb6 14. Nbd2
h6 15. Qb3 Nbd5 16. Bxd5 Nxd5 17. a4 g5 18. Ne4 f5 19. Nc3 Nxc3 20. Qxc3 g4 21.
hxg4 Bxg4 22. Ne5 Rhg8 23. Bf4 Kb8 24. b4 Rc8 25. Rac1 Qg7 26. Qg3 Ka8 27. Rc4
Qf8 28. Qc3 Qg7 29. Qg3 Qe7 30. Qc3 Qh4 31. Bg3 Qf6 32. b5 f4 33. bxc6 fxg3 34.
cxb7+ Kxb7 35. Qb3+ Ka8 36. Rxc8+ Bxc8 37. Qd5+ Kb8 38. Rb1+ Bb4 39. Rxb4+ Kc7
40. Rc4+ Kb8 41. Nd7+ Bxd7 42. Qxg8+ Kb7 43. Qxg3 Bc6 44. Qb3+ Ka6 45. Qa3 Kb7
46. Rb4+ Ka8 47. Qg3 Qf8 48. Qb3 Qe8 49. Qd1 Qg8 50. f3 Qg5 51. d5 Bxd5 52. Rb5
Qe3+ 53. Kh1 1-0

[Event "Deviant Leisure inv"]
[Site "Vancouver CAN"]
[Date "2003.02.23"]
[Round "5"]
[White "Kosinski, George"]
[Black "Ruelland, Geoffrey"]
[Result "0-1"]
[WhiteElo "2011"]
[BlackElo "1746"]
[PlyCount "62"]
[EventDate "2003.02.22"]
[EventType "tourn"]
[EventRounds "5"]
[EventCountry "CAN"]

1. e4 c5 2. Nf3 e6 3. d3 Qc7 4. g3 d6 5. Bg2 Nf6 6. O-O Nc6 7. a4 Be7 8. Nbd2
d5 9. Re1 O-O 10. Nf1 dxe4 11. dxe4 Rd8 12. Qe2 Nd4 13. Nxd4 cxd4 14. e5 Nd5
15. h4 Bd7 16. Nh2 Nb4 17. Be4 Bc6 18. Bg5 Bxg5 19. hxg5 Bxe4 20. Qxe4 Qxc2 21.
Rac1 Qxe4 22. Rxe4 Nd3 23. Rc4 Nxb2 24. Rcxd4 Nd3 25. Ng4 Nc5 26. Rf4 Nb3 27.
Rd6 Kf8 28. Rb4 Na5 29. Rbd4 Ke7 30. Ne3 Nc6 31. Nc4 Nxd4 0-1

[Event "Deviant Leisure inv"]
[Site "Vancouver CAN"]
[Date "2003.02.23"]
[Round "5"]
[White "Seid, Hee"]
[Black "Sladek, Vaclav"]
[Result "1-0"]
[WhiteElo "2075"]
[BlackElo "2070"]
[PlyCount "135"]
[EventDate "2003.02.22"]
[EventType "tourn"]
[EventRounds "5"]
[EventCountry "CAN"]

1. d4 Nf6 2. Nf3 e6 3. e3 b6 4. Bd3 Bb7 5. Nbd2 d5 6. O-O Be7 7. Re1 O-O 8. e4
dxe4 9. Nxe4 Nxe4 10. Bxe4 Bxe4 11. Rxe4 Nd7 12. c3 Nf6 13. Re2 c5 14. Be3 Rc8
15. Qa4 Qc7 16. h3 Rfd8 17. Rae1 Qb7 18. Qb3 h6 19. dxc5 Bxc5 20. Bxc5 Rxc5 21.
Nd4 Qd5 22. Qxd5 Rcxd5 23. g3 Rc8 24. Kg2 a6 25. a4 Rc4 26. Ra1 Rc8 27. Ra3 Rd6
28. Nf3 Rcd8 29. Rb3 Nd7 30. Rb4 Rc8 31. Rc2 Kf8 32. Rd2 Rxd2 33. Nxd2 Ke7 34.
f4 Rc6 35. Kf3 f6 36. Rc4 Kd6 37. b4 Kc7 38. Ke3 Rxc4 39. Nxc4 b5 40. Nb2 Kd6
41. a5 Kd5 42. g4 e5 43. f5 Nb8 44. Nd3 Nd7 45. Nf2 Kc4 46. Ne4 Kd5 47. Kd3 Kc6
48. Ng3 Kd5 49. Nh5 e4+ 50. Kd2 Kc4 51. Ng3 e3+ 52. Kc2 Ne5 53. Ne4 Nf3 54. Kd1
Kd3 55. Nc5+ Kxc3 56. Nxa6 Nd4 57. Ke1 Kc4 58. Nc5 Kxb4 59. a6 Nc6 60. Nb7 Kc3
61. Ke2 b4 62. Na5 Na7 63. Kxe3 b3 64. Nxb3 Kxb3 65. Kd4 Kb4 66. Kd5 Kb5 67.
Ke6 Kxa6 68. Kf7 1-0

[Event "Dimanche 2002.02.23"]
[Site "Montreal CAN"]
[Date "2003.02.23"]
[Round "1"]
[White "Charron, Guillaume"]
[Black "Bolduc, Steve"]
[Result "0-1"]
[WhiteElo "1901"]
[BlackElo "2261"]
[PlyCount "136"]
[EventDate "2003.02.23"]
[EventType "swiss"]
[EventRounds "5"]
[EventCountry "CAN"]

1. e4 c5 2. Nf3 Nc6 3. d4 cxd4 4. Nxd4 Nf6 5. Nc3 e5 6. Ndb5 d6 7. Bg5 a6 8.
Na3 b5 9. Nd5 Qa5+ 10. Bd2 Qd8 11. Bg5 Be7 12. Nxe7 Nxe7 13. Qf3 Ng6 14. h3 Bb7
15. Bxf6 Qxf6 16. Qxf6 gxf6 17. f3 Nf4 18. g3 Ne6 19. c3 O-O-O 20. c4 Nd4 21.
cxb5 axb5 22. Kf2 Bc6 23. Rc1 Kb7 24. Nc2 Nxc2 25. Rxc2 d5 26. exd5 Rxd5 27.
Bg2 Rhd8 28. Re1 Rd4 29. Rec1 R8d6 30. g4 Kb6 31. a3 Bd7 32. Re2 Be6 33. Kg3
Bc4 34. Rec2 Rd2 35. b4 R6d4 36. Rxd2 Rxd2 37. a4 Rb2 38. axb5 Kxb5 39. Bf1
Rxb4 40. Bxc4+ Rxc4 41. Rb1+ Kc6 42. Rb8 Kd6 43. Rh8 Rc3 44. Kg2 f5 45. gxf5
Ke7 46. Rxh7 Kf6 47. h4 Rc4 48. Kg3 Rf4 49. h5 Rxf5 50. Kg4 Rf4+ 51. Kg3 Kg5
52. h6 Kg6 53. Rh8 Rf5 54. Kg2 Rg5+ 55. Kf2 Rh5 56. Ke3 f6 57. Kd3 Rxh6 58.
Rxh6+ Kxh6 59. Ke3 f5 60. Ke2 Kg5 61. Kf1 Kf6 62. Ke2 Ke6 63. Kd2 Kd6 64. Ke3
Kc5 65. Kf2 Kd4 66. Ke2 e4 67. fxe4 Kxe4 68. Ke1 Kf3 0-1

[Event "Drolet-Tremblay m"]
[Site "Quebec CAN"]
[Date "2003.09.01"]
[Round "1"]
[White "Drolet, Stephane"]
[Black "Tremblay, Rejean"]
[Result "1/2-1/2"]
[WhiteElo "2140"]
[BlackElo "2214"]
[PlyCount "38"]
[EventDate "2003.09.01"]
[EventType "match"]
[EventRounds "4"]
[EventCountry "CAN"]

1. d4 Nf6 2. Nf3 g6 3. c4 Bg7 4. Nc3 O-O 5. e4 d6 6. Be2 e5 7. O-O Nc6 8. d5
Ne7 9. Ne1 Nd7 10. Nd3 f5 11. f3 Kh8 12. Bd2 Ng8 13. Qc1 f4 14. g4 Rf7 15. Be1
Bf6 16. Kg2 Rg7 17. Rh1 Bh4 18. Bxh4 Qxh4 19. Qe1 Qe7 1/2-1/2

[Event "Drolet-Tremblay m"]
[Site "Quebec CAN"]
[Date "2003.09.01"]
[Round "2"]
[White "Tremblay, Rejean"]
[Black "Drolet, Stephane"]
[Result "1/2-1/2"]
[WhiteElo "2214"]
[BlackElo "2140"]
[PlyCount "28"]
[EventDate "2003.09.01"]
[EventType "match"]
[EventRounds "4"]
[EventCountry "CAN"]

1. d4 d5 2. c4 c6 3. Nf3 Nf6 4. Nc3 dxc4 5. a4 Na6 6. e4 Bg4 7. Bxc4 e6 8. O-O
Nb4 9. Re1 Be7 10. h3 Bxf3 11. gxf3 O-O 12. Be3 Qa5 13. Qe2 Qh5 14. Kh2 c5
1/2-1/2

[Event "Drolet-Tremblay m"]
[Site "Quebec CAN"]
[Date "2003.10.09"]
[Round "3"]
[White "Drolet, Stephane"]
[Black "Tremblay, Rejean"]
[Result "0-1"]
[WhiteElo "2140"]
[BlackElo "2214"]
[PlyCount "88"]
[EventDate "2003.09.01"]
[EventType "match"]
[EventRounds "4"]
[EventCountry "CAN"]

1. d4 Nf6 2. Nf3 d5 3. c4 c6 4. Qc2 g6 5. Bf4 Bg7 6. e3 O-O 7. h3 Bf5 8. Qb3
Qb6 9. c5 Qxb3 10. axb3 Nbd7 11. Nc3 b6 12. Ba6 bxc5 13. Bb7 cxd4 14. exd4 c5
15. Nxd5 Nxd5 16. Bxd5 cxd4 17. Bxa8 Rxa8 18. O-O e5 19. Bc1 Bd3 20. Re1 e4 21.
Nd2 f5 22. Nc4 a6 23. Ra5 Bc2 24. b4 Rc8 25. Nd2 Bd3 26. Nb3 Bb5 27. Ra1 Ne5
28. Nxd4 Nd3 29. Be3 Nxe1 30. Rxe1 Bd3 31. g3 Rc4 32. Ne6 Bxb2 33. Nf4 Rxb4 34.
Nxd3 exd3 35. Bd2 Re4 36. Rd1 Ra4 37. Kf1 Kf7 38. Ke1 Ra1 39. Bb4 Rxd1+ 40.
Kxd1 Bd4 41. Be1 Bc5 42. f3 Be3 43. g4 Ke6 44. Bg3 a5 0-1

[Event "Drolet-Tremblay m"]
[Site "Quebec CAN"]
[Date "2003.10.16"]
[Round "4"]
[White "Tremblay, Rejean"]
[Black "Drolet, Stephane"]
[Result "1/2-1/2"]
[WhiteElo "2214"]
[BlackElo "2140"]
[PlyCount "62"]
[EventDate "2003.09.01"]
[EventType "match"]
[EventRounds "4"]
[EventCountry "CAN"]

1. d4 d5 2. c4 c6 3. Nf3 e6 4. e3 Bd6 5. Nc3 f5 6. Qc2 Nf6 7. b3 O-O 8. Bb2
Nbd7 9. g3 Ne4 10. Bg2 Qf6 11. O-O b6 12. c5 Be7 13. cxb6 axb6 14. Ne5 Nxc3 15.
Qxc3 c5 16. Nf3 Ba6 17. Rfd1 Ra7 18. a4 Rfa8 19. Bf1 Bxf1 20. Kxf1 Qf7 21. Kg2
Bf6 22. Qd2 Be7 23. Rdc1 Bd6 24. Qd3 Nf6 25. Nd2 Ne4 26. Nf1 Qh5 27. f4 Qe8 28.
Nd2 Nxd2 29. Qxd2 Qc6 30. Kg1 Qb7 31. Qd3 Qa6 1/2-1/2

[Event "Easter op"]
[Site "Winnipeg CAN"]
[Date "2003.04.25"]
[Round "1"]
[White "Anderson, Collin"]
[Black "Liebzeit, Mick"]
[Result "1-0"]
[WhiteElo "1685"]
[BlackElo "473"]
[PlyCount "141"]
[EventDate "2003.04.25"]
[EventType "swiss"]
[EventRounds "5"]
[EventCountry "CAN"]
[Source "ChessBase"]
[SourceDate "2003.11.25"]

1. d4 Nf6 2. c4 g6 3. Nc3 Bg7 4. e4 d6 5. Bd3 O-O 6. Nf3 Bg4 7. h3 Bd7 8. O-O
Nc6 9. a3 Nh5 10. d5 Nd4 11. Nxd4 Bxd4 12. Be2 Ng3 13. Qxd4 Nxf1 14. Kxf1 e5
15. Qd3 f5 16. Bh6 Rf7 17. exf5 Bxf5 18. Ne4 Qh4 19. Bg5 Qxe4 20. Qb3 b6 21.
Rc1 Qd4 22. Rd1 Bc2 23. Rxd4 Bxb3 24. Rd2 Raf8 25. Bg4 Bxc4+ 26. Kg1 Kh8 27.
Be6 Rf5 28. Bh6 R8f6 29. Bxf5 Rxf5 30. Rc2 b5 31. b3 Rh5 32. bxc4 Rxh6 33. cxb5
Rh5 34. f3 Rh4 35. g4 e4 36. Kg2 exf3+ 37. Kg3 Rh6 38. g5 Rh5 39. Kg4 h6 40. h4
hxg5 41. hxg5 Rh7 42. a4 Rf7 43. Rf2 Rf5 44. Rxf3 Rxd5 45. Rf4 Rc5 46. Re4 d5
47. Rd4 Kg7 48. Kf4 Rc4 49. Ke5 Kf7 50. Kxd5 Rxd4+ 51. Kxd4 Ke6 52. Kc5 Kd7 53.
Kd5 Ke7 54. a5 Kd7 55. Kc5 Ke7 56. Kc6 Kd8 57. Kb7 Kd7 58. Kxa7 Kc8 59. b6 cxb6
60. axb6 Kd7 61. b7 Ke6 62. b8=Q Kf5 63. Qg3 Ke6 64. Kb6 Kf5 65. Kc5 Ke4 66.
Qg2+ Kf5 67. Qd5+ Kg4 68. Kd4 Kh5 69. Qe5 Kg4 70. Ke3 Kh5 71. Kf4 1-0

[Event "Easter op"]
[Site "Winnipeg CAN"]
[Date "2003.04.25"]
[Round "1"]
[White "Gannon, Keith"]
[Black "Schulz, Waldemar"]
[Result "0-1"]
[WhiteElo "1580"]
[BlackElo "2060"]
[PlyCount "98"]
[EventDate "2003.04.25"]
[EventType "swiss"]
[EventRounds "5"]
[EventCountry "CAN"]
[Source "ChessBase"]
[SourceDate "2003.11.25"]

1. e4 c5 2. Nf3 e6 3. d4 cxd4 4. Nxd4 Nf6 5. Bd3 d6 6. Nc3 Be7 7. O-O a6 8. a3
O-O 9. Re1 Qc7 10. Be3 Nbd7 11. Nf3 b5 12. Qd2 Bb7 13. Rad1 Rac8 14. Bg5 Rfe8
15. Qc1 Nc5 16. Nd2 h6 17. Bf4 Qb6 18. Be3 Ng4 19. Nf1 Nxe3 20. Qxe3 Qc7 21.
Ng3 Bf6 22. Bf1 Red8 23. Kh1 Nd7 24. Nge2 Ne5 25. Nd4 Ng4 26. Qd2 d5 27. g3
dxe4 28. Bg2 Bxd4 29. Nxe4 Bxe4 30. Bxe4 Nxf2+ 31. Kg2 Nxe4 32. Rxe4 Bxb2 33.
Qe2 Rxd1 34. Qxd1 Qc6 35. Qf3 f5 36. Re3 Qxf3+ 37. Kxf3 Kf7 38. g4 Rc3 39. Rxc3
Bxc3 40. h4 fxg4+ 41. Kxg4 a5 42. Kf3 a4 43. Ke4 Bb2 44. Kd3 Bxa3 45. c4 bxc4+
46. Kxc4 Be7 47. h5 a3 48. Kb3 g5 49. hxg6+ Kxg6 0-1

[Event "Easter op"]
[Site "Winnipeg CAN"]
[Date "2003.04.25"]
[Round "1"]
[White "Khedkar, Jay"]
[Black "Zaczek, Jonathan"]
[Result "1-0"]
[WhiteElo "1938"]
[BlackElo "1504"]
[PlyCount "41"]
[EventDate "2003.04.25"]
[EventType "swiss"]
[EventRounds "5"]
[EventCountry "CAN"]
[Source "ChessBase"]
[SourceDate "2003.11.25"]

1. e4 c5 2. Nf3 d6 3. d4 cxd4 4. Nxd4 Nf6 5. Nc3 a6 6. Be2 e5 7. Nb3 Be7 8. O-O
O-O 9. Be3 b5 10. a4 bxa4 11. Rxa4 Bd7 12. Ra1 Bc6 13. Na5 Bxe4 14. Nxe4 Nxe4
15. Qd5 Nd7 16. Qxe4 f5 17. Qd5+ Kh8 18. Nc6 Qe8 19. Nxe7 Qxe7 20. Rfd1 Qh4 21.
g3 1-0

[Event "Easter op"]
[Site "Winnipeg CAN"]
[Date "2003.04.25"]
[Round "1"]
[White "Lipnowski, Samuel"]
[Black "Shome, Devarshi"]
[Result "1-0"]
[WhiteElo "2076"]
[BlackElo "1607"]
[PlyCount "77"]
[EventDate "2003.04.25"]
[EventType "swiss"]
[EventRounds "5"]
[EventCountry "CAN"]
[Source "ChessBase"]
[SourceDate "2003.11.25"]

1. e4 e6 2. d4 d5 3. Nd2 Nf6 4. e5 Nfd7 5. f4 c5 6. c3 Nc6 7. Ne2 Qb6 8. Nf3
cxd4 9. cxd4 f6 10. g3 fxe5 11. fxe5 Bb4+ 12. Bd2 O-O 13. Bg2 Rxf3 14. Bxf3
Nxd4 15. Nxd4 Qxd4 16. Bxb4 Qxb4+ 17. Qd2 Qxd2+ 18. Kxd2 Nxe5 19. Be2 Bd7 20.
Rhf1 Bc6 21. b4 b5 22. a4 Nc4+ 23. Bxc4 dxc4 24. axb5 Bxb5 25. Kc3 a6 26. Rad1
e5 27. Rd5 Re8 28. Re1 e4 29. Kd4 Kf7 30. Rd6 Ke7 31. Rb6 Rd8+ 32. Kxe4 c3 33.
Rc1 Bd3+ 34. Ke5 c2 35. Rb7+ Kf8 36. Rc7 Bg6 37. Rf1+ Ke8 38. Ke6 Rd1 39. Re7+
1-0

[Event "Easter op"]
[Site "Winnipeg CAN"]
[Date "2003.04.25"]
[Round "1"]
[White "Vincent, Trevor"]
[Black "Anderson, George"]
[Result "1-0"]
[WhiteElo "1990"]
[BlackElo "1535"]
[PlyCount "43"]
[EventDate "2003.04.25"]
[EventType "swiss"]
[EventRounds "5"]
[EventCountry "CAN"]
[Source "ChessBase"]
[SourceDate "2003.11.25"]

1. c4 g6 2. g3 Nf6 3. Bg2 Bg7 4. Nc3 d6 5. e4 Nc6 6. Nge2 Be6 7. d3 Qc8 8. Nd5
Nxd5 9. cxd5 Bh3 10. Bxh3 Qxh3 11. Nf4 Qd7 12. dxc6 Qxc6 13. O-O O-O-O 14. Be3
Kb8 15. Nd5 h5 16. Rc1 Qd7 17. Rxc7 Qxc7 18. Bxa7+ Kxa7 19. Nxc7 Kb8 20. Nb5
Rc8 21. Qa4 Rc5 22. Qa7+ 1-0

[Event "Easter op"]
[Site "Winnipeg CAN"]
[Date "2003.04.25"]
[Round "1"]
[White "Zhang, Guannan"]
[Black "Czypinski, Jaroslaw"]
[Result "0-1"]
[WhiteElo "1513"]
[BlackElo "1959"]
[PlyCount "98"]
[EventDate "2003.04.25"]
[EventType "swiss"]
[EventRounds "5"]
[EventCountry "CAN"]
[Source "ChessBase"]
[SourceDate "2003.11.25"]

1. e4 e5 2. Nf3 Nf6 3. Nxe5 d6 4. Nf3 Nxe4 5. Qe2 Qe7 6. d3 Nf6 7. Bg5 Nbd7 8.
Nbd2 Qxe2+ 9. Bxe2 h6 10. Bh4 Be7 11. O-O b6 12. Nd4 Bb7 13. Bf3 Bxf3 14. N2xf3
O-O 15. Nc6 Rfe8 16. Rae1 Bf8 17. c4 a5 18. a4 Nc5 19. Bxf6 gxf6 20. Rxe8 Rxe8
21. Ra1 Nxd3 22. b3 Ne5 23. Nfxe5 fxe5 24. b4 axb4 25. Nxb4 Ra8 26. Nd5 Ra7 27.
g3 f5 28. Kg2 Kf7 29. h4 Be7 30. h5 Bd8 31. Nb4 Ke6 32. Nc6 Ra8 33. a5 Kd7 34.
Nxd8 Kxd8 35. a6 Kd7 36. Kf3 Kc6 37. g4 fxg4+ 38. Kxg4 Rf8 39. a7 Kb7 40. a8=Q+
Rxa8 41. Rxa8 Kxa8 42. Kf5 Kb7 43. Kg6 b5 44. cxb5 d5 45. Kf5 d4 46. Ke4 Kb6
47. Kd3 Kc5 48. f3 Kd5 49. Ke2 Kc4 0-1

[Event "Easter op"]
[Site "Winnipeg CAN"]
[Date "2003.04.26"]
[Round "2"]
[White "Anderson, Collin"]
[Black "Khedkar, Jay"]
[Result "0-1"]
[WhiteElo "1685"]
[BlackElo "1938"]
[PlyCount "109"]
[EventDate "2003.04.25"]
[EventType "swiss"]
[EventRounds "5"]
[EventCountry "CAN"]
[Source "ChessBase"]
[SourceDate "2003.11.25"]

1. d4 d5 2. c4 e6 3. cxd5 exd5 4. Nf3 Nf6 5. Bg5 Be7 6. e3 O-O 7. Bd3 c6 8. Nc3
Nbd7 9. O-O Re8 10. Rc1 Nf8 11. Qc2 g6 12. Rfd1 Ne6 13. Bxf6 Bxf6 14. b4 a6 15.
a4 Ng7 16. Nd2 Bf5 17. Ne2 Qe7 18. Bxf5 Nxf5 19. Qc3 Rac8 20. Nf4 Qd6 21. a5
Nxd4 22. exd4 Qxf4 23. Nf3 Re2 24. Re1 Rce8 25. Rxe2 Rxe2 26. Kf1 Re4 27. Rd1
g5 28. g3 Qf5 29. Kg2 g4 30. Nh4 Qe6 31. Qc1 Bxh4 32. gxh4 Qf6 33. Qg5+ Qxg5
34. hxg5 Kg7 35. Kg3 Kg6 36. f3 gxf3 37. Kxf3 Kxg5 38. Rg1+ Kf6 39. Rg4 Rxg4
40. Kxg4 Kg6 41. Kf4 f6 42. Kg4 f5+ 43. Kf4 h6 44. h4 Kh5 45. Kxf5 Kxh4 46. Kf4
h5 47. Ke5 Kg5 48. Kd6 h4 49. Kc7 h3 50. Kxb7 h2 51. Kxa6 h1=Q 52. Ka7 Qf1 53.
Kb6 Qb5+ 54. Ka7 Kf6 55. a6 0-1

[Event "Easter op"]
[Site "Winnipeg CAN"]
[Date "2003.04.26"]
[Round "2"]
[White "Katona, John"]
[Black "Vincent, Trevor"]
[Result "0-1"]
[WhiteElo "1751"]
[BlackElo "1990"]
[PlyCount "52"]
[EventDate "2003.04.25"]
[EventType "swiss"]
[EventRounds "5"]
[EventCountry "CAN"]
[Source "ChessBase"]
[SourceDate "2003.11.25"]

1. e4 c5 2. c3 Nf6 3. e5 Nd5 4. d4 cxd4 5. Nf3 Nc6 6. cxd4 d6 7. Bc4 Nb6 8. Bb5
dxe5 9. Nxe5 Bd7 10. Bxc6 Bxc6 11. Nc3 Bxg2 12. Rg1 Bc6 13. Be3 g6 14. h4 Bg7
15. Nxc6 bxc6 16. h5 Nd5 17. Qa4 Qd6 18. Nxd5 Qxd5 19. Rc1 O-O 20. Rc5 Qe4 21.
hxg6 fxg6 22. Rxc6 Bxd4 23. Qc4+ Rf7 24. Re6 Qb1+ 25. Ke2 Qxb2+ 26. Ke1 Bc3+
0-1

[Event "Easter op"]
[Site "Winnipeg CAN"]
[Date "2003.04.26"]
[Round "2"]
[White "Reimer, Bruce"]
[Black "Gannon, Keith"]
[Result "0-1"]
[WhiteElo "1318"]
[BlackElo "1580"]
[PlyCount "76"]
[EventDate "2003.04.25"]
[EventType "swiss"]
[EventRounds "5"]
[EventCountry "CAN"]
[Source "ChessBase"]
[SourceDate "2003.11.25"]

1. e4 e5 2. Nf3 d6 3. d4 exd4 4. c3 dxc3 5. Nxc3 c6 6. Qb3 Qb6 7. Bc4 Qxb3 8.
Bxb3 Be7 9. O-O Nd7 10. Re1 h6 11. e5 dxe5 12. Nxe5 Nxe5 13. Rxe5 f6 14. Re2
Bg4 15. f3 Bh5 16. Bf4 Kf8 17. Rae1 Bc5+ 18. Be3 Bxe3+ 19. Rxe3 Bf7 20. Bxf7
Kxf7 21. Ne4 Rd8 22. Nc5 b6 23. Ne6 Rd7 24. h4 Ne7 25. Nxg7 Nd5 26. Nf5 Nxe3
27. Rxe3 c5 28. Re2 h5 29. g4 hxg4 30. fxg4 Rhd8 31. h5 Rd1+ 32. Kf2 R1d2 33.
h6 Kg6 34. Kf3 Rxe2 35. Kxe2 Re8+ 36. Kf3 Re1 37. Kf2 Rb1 38. b3 Rb2+ 0-1